[Event "Bhubaneswar op-A 14th"]
[Site "Bhubaneswar"]
[Date "2023.06.16"]
[Round "8"]
[White "Bansal, Bharat"]
[Black "Borate, Suraj"]
[Result "1-0"]
[WhiteElo "1503"]
[BlackElo "1673"]
[PlyCount "57"]
[EventDate "2023.06.11"]
[EventType "swiss"]
[EventRounds "10"]
[EventCountry "IND"]
[SourceTitle "CBM 214 Extra"]
[Source "ChessBase"]
[SourceDate "2023.07.31"]
[SourceVersion "1"]
[SourceVersionDate "2023.07.31"]
[SourceQuality "1"]

1. e4 c5 2. Nf3 e6 3. d4 cxd4 4. Nxd4 a6 5. Nc3 Qc7 6. Be2 Nc6 7. 0-0 Nf6 8. Be3 b5 9. a3 Bb7 10. f3 Nxd4 11. Bxd4 Bd6 12. h3 Nh5 13. Bf2 Bh2+ 14. Kh1 Ng3+ 15. Bxg3 Bxg3 16. Bd3 h5 17. f4 Bxf4 18. Qf3 g5 19. g3 Be5 20. Qxf7+ Kd8 21. Rad1 Bxc3 22. bxc3 Qxc3 23. Rf3 Kc7 24. Qxd7+ Kxd7 25. Bxb5+ Ke7 26. Rd7+ Ke8 27. Rxb7+ axb5 28. Rxc3 Kf8 29. Kg1 1-0

[Event "Bhubaneswar op-A 14th"]
[Site "Bhubaneswar"]
[Date "2023.06.13"]
[Round "3"]
[White "Borate, Suraj"]
[Black "Singgih, Diajeng Theresa"]
[Result "0-1"]
[WhiteElo "1673"]
[BlackElo "1853"]
[PlyCount "80"]
[EventDate "2023.06.11"]
[EventType "swiss"]
[EventRounds "10"]
[EventCountry "IND"]
[SourceTitle "CBM 214 Extra"]
[Source "ChessBase"]
[SourceDate "2023.07.31"]
[SourceVersion "1"]
[SourceVersionDate "2023.07.31"]
[SourceQuality "1"]

1. e4 e5 2. Nf3 Nc6 3. Bb5 a6 4. Ba4 Nf6 5. 0-0 b5 6. Bb3 Be7 7. Re1 0-0 8. d4 d6 9. c3 Bb7 10. Nbd2 Re8 11. Ng5 Rf8 12. Ngf3 Nd7 13. Nf1 Na5 14. Bc2 c5 15. d5 g6 16. Bh6 Re8 17. h4 Bf8 18. Bxf8 Rxf8 19. Ne3 Bc8 20. Ng4 Nf6 21. Nh6+ Kg7 22. Qc1 Nh5 23. g3 f5 24. exf5 gxf5 25. Ng5 Qf6 26. Nxf5+ Bxf5 27. Bxf5 Qxf5 28. Ne6+ Kh8 29. Nxf8 Rxf8 30. Re2 Nf4 31. gxf4 Rg8+ 32. Kf1 Qh3+ 33. Ke1 Rg1+ 34. Kd2 Rxc1 35. Rxc1 Nc4+ 36. Kc2 Qf5+ 37. Kb3 Qd3 38. Rce1 Na5+ 39. Ka3 b4+ 40. Ka4 Qb5# 0-1

[Event "Mumbai Mayors Cup 3rd"]
[Site "Mumbai"]
[Date "2010.06.02"]
[Round "1"]
[White "Borate, Suraj"]
[Black "Maletin, Pavel"]
[Result "0-1"]
[WhiteElo "1834"]
[BlackElo "2584"]
[PlyCount "56"]
[EventDate "2010.06.02"]
[EventType "swiss"]
[EventRounds "11"]
[EventCountry "IND"]
[SourceTitle "CBM 136 Extra"]
[Source "ChessBase"]
[SourceDate "2010.07.02"]
[SourceVersion "2"]
[SourceVersionDate "2010.07.15"]
[SourceQuality "1"]

1. e4 c5 2. Nf3 Nc6 3. d4 cxd4 4. Nxd4 e6 5. Nb3 Nf6 6. Nc3 Be7 7. Bd3 0-0 8. 0-0 a6 9. f4 d6 10. Qf3 Qc7 11. Bd2 b5 12. Rae1 b4 13. e5 bxc3 14. exf6 Bxf6 15. Qh3 g6 16. Bxc3 Bxc3 17. bxc3 Ne7 18. Nd2 Qxc3 19. Ne4 Qd4+ 20. Kh1 d5 21. Ng5 Qg7 22. g4 h6 23. f5 exf5 24. Rxe7 fxg4 25. Qg2 hxg5 26. Qxd5 Be6 27. Qxg5 Rad8 28. Bxg6 Bd5+ 0-1

[Event "Arctic Cup 3rd"]
[Site "Salekhard"]
[Date "2007.10.17"]
[Round "10"]
[White "Borate, Suraj"]
[Black "Burg, Twan"]
[Result "1/2-1/2"]
[WhiteElo "1918"]
[BlackElo "2275"]
[PlyCount "112"]
[EventDate "2007.10.08"]
[EventType "team"]
[EventRounds "11"]
[EventCountry "RUS"]
[SourceTitle "CBM 120 Extra"]
[Source "ChessBase"]
[SourceDate "2007.11.01"]
[SourceVersion "1"]
[SourceVersionDate "2007.11.01"]
[SourceQuality "1"]

1. e4 c5 2. Nf3 d6 3. d4 cxd4 4. Nxd4 Nf6 5. Nc3 a6 6. f3 e5 7. Nb3 Be7 8. Be3 Be6 9. Nd5 Nxd5 10. exd5 Bf5 11. Bd3 Bg5 12. Bf2 Qf6 13. h4 Bf4 14. Bxf5 Qxf5 15. g3 Bh6 16. g4 Qf6 17. g5 Bxg5 18. hxg5 Qxg5 19. Qe2 f5 20. Rg1 Qf6 21. Nd4 0-0 22. Ne6 Rf7 23. Qc4 Nd7 24. 0-0-0 Nf8 25. Rh1 h6 26. Rdg1 Nxe6 27. dxe6 Re7 28. Be3 f4 29. Bf2 Qxe6 30. Qe4 g5 31. Bh4 d5 32. Qe1 Rg7 33. Bf2 Re8 34. Qb4 Rc7 35. Re1 Kh7 36. Re2 e4 37. Bb6 Rc4 38. Qb3 Qc6 39. fxe4 dxe4 40. Qh3 Qe6 41. Qh5 Qg6 42. Qg4 Rg8 43. Reh2 Rc6 44. Rxh6+ Qxh6 45. Qf5+ Rgg6 46. Rxh6+ Kxh6 47. Qh3+ Kg7 48. Bd4+ Kg8 49. Qh8+ Kf7 50. Qh7+ Ke8 51. Qh8+ Kd7 52. Qh7+ Ke8 53. Qh8+ Ke7 54. Qh7+ Ke8 55. Qh8+ Ke7 56. Qh7+ Ke8 1/2-1/2

[Event "Arctic Cup 3rd"]
[Site "Salekhard"]
[Date "2007.10.16"]
[Round "9"]
[White "Borate, Suraj"]
[Black "Salnikov, Pavel"]
[Result "0-1"]
[WhiteElo "1918"]
[BlackElo "2146"]
[PlyCount "100"]
[EventDate "2007.10.08"]
[EventType "team"]
[EventRounds "11"]
[EventCountry "RUS"]
[SourceTitle "CBM 120 Extra"]
[Source "ChessBase"]
[SourceDate "2007.11.01"]
[SourceVersion "1"]
[SourceVersionDate "2007.11.01"]
[SourceQuality "1"]

1. e4 e5 2. Nf3 Nc6 3. Bb5 a6 4. Ba4 Nf6 5. 0-0 b5 6. Bb3 Bb7 7. c3 Nxe4 8. d4 exd4 9. Re1 d5 10. Nxd4 Nxd4 11. Qxd4 c5 12. Qe5+ Qe7 13. Qf4 c4 14. Bc2 Qe6 15. f3 Bd6 16. Qh4 Be7 17. Qh5 Nf6 18. Qh4 Ne4 19. Qh5 Ng3 20. Rxe6 Nxh5 21. Re5 Nf6 22. Bg5 Kd8 23. Nd2 h6 24. Bh4 Re8 25. Rae1 Bc5+ 26. Kf1 Rxe5 27. Rxe5 g5 28. Rf5 Ke7 29. Bg3 Bc8 30. Re5+ Be6 31. Ke1 Nh5 32. Nf1 Bd6 33. Re2 Nf4 34. Bxf4 Bxf4 35. g3 Bc7 36. Ne3 Kf6 37. Ng4+ Kg7 38. Rd2 Rd8 39. Ne3 Ba5 40. Nf5+ Bxf5 41. Bxf5 b4 42. Rc2 bxc3 43. bxc3 d4 44. Kd1 Bxc3 45. Re2 Rb8 46. Kc1 Kf6 47. g4 d3 48. Rf2 Bd4 49. Rf1 Be3+ 50. Kd1 Rb1# 0-1

[Event "Arctic Cup 3rd"]
[Site "Salekhard"]
[Date "2007.10.15"]
[Round "8"]
[White "Rojicek, Vojtech"]
[Black "Borate, Suraj"]
[Result "1-0"]
[WhiteElo "2355"]
[BlackElo "1918"]
[PlyCount "95"]
[EventDate "2007.10.08"]
[EventType "team"]
[EventRounds "11"]
[EventCountry "RUS"]
[SourceTitle "CBM 120 Extra"]
[Source "ChessBase"]
[SourceDate "2007.11.01"]
[SourceVersion "1"]
[SourceVersionDate "2007.11.01"]
[SourceQuality "1"]

1. d4 Nf6 2. c4 e6 3. Nc3 Bb4 4. Qc2 0-0 5. a3 Bxc3+ 6. Qxc3 b6 7. Bg5 Bb7 8. f3 h6 9. Bh4 c5 10. dxc5 bxc5 11. e3 Nc6 12. Ne2 Qe7 13. Bxf6 Qxf6 14. Qxf6 gxf6 15. 0-0-0 Ne5 16. Nc3 a6 17. Be2 Rfd8 18. Rd6 Bc6 19. f4 Ng6 20. Bf3 Bxf3 21. gxf3 Ne7 22. Ne4 Nf5 23. Rxd7 Rxd7 24. Nxf6+ Kg7 25. Nxd7 Nxe3 26. Rg1+ Kh8 27. b3 Rc8 28. Kb2 a5 29. Kc3 Rc7 30. Nf6 Rc8 31. Ne4 Rc7 32. h3 Rc8 33. Nxc5 Nd5+ 34. Kd4 Nxf4 35. Ke3 Nxh3 36. Rh1 Rxc5 37. Rxh3 a4 38. Kd4 Rc8 39. b4 Rd8+ 40. Kc5 Rd3 41. b5 Rxa3 42. b6 Rb3 43. Kc6 a3 44. Rh1 Kg7 45. b7 Rb4 46. c5 a2 47. Ra1 h5 48. Kc7 1-0

[Event "Arctic Cup 3rd"]
[Site "Salekhard"]
[Date "2007.10.14"]
[Round "7"]
[White "Borate, Suraj"]
[Black "Shcherbin, Matvei"]
[Result "0-1"]
[WhiteElo "1918"]
[BlackElo "2229"]
[PlyCount "40"]
[EventDate "2007.10.08"]
[EventType "team"]
[EventRounds "11"]
[EventCountry "RUS"]
[SourceTitle "CBM 120 Extra"]
[Source "ChessBase"]
[SourceDate "2007.11.01"]
[SourceVersion "1"]
[SourceVersionDate "2007.11.01"]
[SourceQuality "1"]

1. e4 c5 2. Nf3 e6 3. d4 cxd4 4. Nxd4 Bc5 5. Nb3 Bb6 6. Nc3 Ne7 7. Qg4 0-0 8. Bf4 f5 9. exf5 Nxf5 10. Bd3 Bxf2+ 11. Kd2 d5 12. Raf1 Qh4 13. Bxf5 Rxf5 14. Qxh4 Bxh4 15. Nd4 Rxf4 16. Rxf4 Bg5 17. Nde2 e5 18. Nxd5 Na6 19. Rhf1 exf4 20. Ke1 Bg4 0-1